• 首页
  • 本馆介绍
  • 公告通知
  • 最新文献
  • 馆藏检索
  • 电子资源
  • 读者导购
  • 参考咨询
  • 我的图书馆
  • 登录
  • 详细信息显示
  • 放入我的书架
  • 预约/预借图书
  • 作者相关作品
  • 分类相关作品
  • 丛书相关作品
  • 出版社相关作品

书目信息

  • 表格格式
  • 工作单格式
  • 卡片格式
题名:
中国热带海岸带野生果蔬资源
    
 
作者: 王瑞江 主编
分册:  
出版信息: 广州   广东科技出版社  2019.05
页数: 157页
开本: 29cm
丛书名:
单 册:
中图分类: S66 , S647
科图分类:
主题词: 野生植物--ye sheng zhi wu--水果--植物资源--华南地区 , 野生植物--ye sheng zhi wu--蔬菜--植物资源--华南地区
电子资源:
ISBN: 978-7-5359-7097-8
000 01360nam0 2200289 450
001 CAL 003826968
005 20230217093111.0
010    @a978-7-5359-7097-8@b精装@dCNY90.00
100    @a20190710d2019 em y0chiy0120 ea
101 0  @achi@deng
102    @aCN@b440000
105    @aak a 001yy
106    @ar
200 1  @a中国热带海岸带野生果蔬资源@Azhong guo re dai hai an dai ye sheng guo shu zi yuan@d= Wild fruit and vegetable plants in tropical coastal zone of China@f王瑞江主编@zeng
210    @a广州@c广东科技出版社@d2019.05
215    @a157页@c彩图@d29cm
300    @a国家出版基金项目
320    @a有书目 (第147-150页) 和索引
330    @a本书介绍了我国华南地区海岸带地区的野生水果蔬菜资源概况, 结合原产地的气候、土壤状况, 筛选出125种抗逆性强的野生果蔬资源, 为开发利用野生果蔬资源、海岸带土壤资源提供科学的指导。全书结合了植物分类学对野生果蔬资源进行介绍, 内容丰富, 图文并茂, 可供从事野菜营养研究、海岸带生态恢复、海岸带防护林建设的科研、管理、教学、实践等人员参考。
510 1  @aWild fruit and vegetable plants in tropical coastal zone of China@zeng
606 0  @a野生植物@Aye sheng zhi wu@x水果@x植物资源@y华南地区
606 0  @a野生植物@Aye sheng zhi wu@x蔬菜@x植物资源@y华南地区
690    @aS66@v5
690    @aS647@v5
701  0 @a王瑞江@Awang rui jiang@4主编
801  0 @aCN@bBJXHZP@c20230228
905    @b1385788-92@dS66@e709@f5
    
    中国热带海岸带野生果蔬资源= Wild fruit and vegetable plants in tropical coastal zone of China/王瑞江主编.-广州:广东科技出版社,2019.05
    157页:彩图;29cm
    国家出版基金项目
    
    ISBN 978-7-5359-7097-8(精装):CNY90.00
    本书介绍了我国华南地区海岸带地区的野生水果蔬菜资源概况, 结合原产地的气候、土壤状况, 筛选出125种抗逆性强的野生果蔬资源, 为开发利用野生果蔬资源、海岸带土壤资源提供科学的指导。全书结合了植物分类学对野生果蔬资源进行介绍, 内容丰富, 图文并茂, 可供从事野菜营养研究、海岸带生态恢复、海岸带防护林建设的科研、管理、教学、实践等人员参考。
●
相关链接 在E读中查询图书 在五车中查询图书 在当当中查询图书 在豆瓣中查询图书


正题名:中国热带海岸带野生果蔬资源     索取号:S66/709         预约/预借

序号 登录号 条形码 馆藏地/架位号 状态 备注
1 1385788   213857888   第二样本阅览室/ [索取号:S66/709] 在馆    
2 1385789   213857897   第三借阅区/ [索取号:S66/709] 在馆    
3 1385790   213857904   第三借阅区/ [索取号:S66/709] 在馆    
4 1385791   213857913   第三借阅区/ [索取号:S66/709] 在馆    
5 1385792   213857922   第三借阅区/ [索取号:S66/709] 在馆    
唐山师范学院图书馆 欢迎您!
大连网信软件有限公司© 版权所有